000 00471nam a2200181Ia 4500
008 230524s9999 xx 000 0 und d
020 _a9788120351752
082 _bKHA
100 _a"Manoj Khanna , "
_942732
245 0 _aMATLAB Essentials : For Problem Solving
250 _a1
260 _aNew Delhi
_bPHI
_c2016
300 _a"XI,324p;"
500 _aQuantity Number: 1
650 _aElectronics
700 _a"Geeta Bhatt , Pawan Kumar"
_942733
942 _cBK
999 _c57715
_d57715